Textiles, 1960-1975; (Record no. 74837)

MARC details
000 -LEADER
fixed length control field 00766cam a22002291 4500
001 - CONTROL NUMBER
control field sa 67004891
003 - CONTROL NUMBER IDENTIFIER
control field DLC
005 - DATE AND TIME OF LATEST TRANSACTION
control field 20260227112352.0
008 - FIXED-LENGTH DATA ELEMENTS--GENERAL INFORMATION
fixed length control field 800125s1967 ii a b 00000 eng
010 ## - LIBRARY OF CONGRESS CONTROL NUMBER
LC control number sa 67004891 //r852
043 ## - GEOGRAPHIC AREA CODE
Geographic area code a-ii---
050 0# - LIBRARY OF CONGRESS CALL NUMBER
Classification number HD9866.I62
Item number E36 1967
082 ## - DEWEY DECIMAL CLASSIFICATION NUMBER
Classification number 338.4/7/677
110 20 - MAIN ENTRY--CORPORATE NAME
Corporate name or jurisdiction name as entry element Economic and Scientific Research Foundation (India)
245 10 - TITLE STATEMENT
Title Textiles, 1960-1975;
Remainder of title a study of the basic raw material requirements of the Indian textile industry: cotton, rayon and synthetics.
260 1# - PUBLICATION, DISTRIBUTION, ETC.
Place of publication, distribution, etc. New Delhi
Date of publication, distribution, etc. [1967]
300 ## - PHYSICAL DESCRIPTION
Extent 111 p.
Other physical details illus.
Dimensions 23 cm.
350 ## - PRICE (NR) (BK AM CF MU VM SE) [OBSOLETE]
Price RS10
440 #0 - SERIES STATEMENT/ADDED ENTRY--TITLE
Title Natural resources and industrial development series,
Volume/sequential designation 1
504 ## - BIBLIOGRAPHY, ETC. NOTE
Bibliography, etc. note Bibliography: p. 107-111.
650 #0 - SUBJECT ADDED ENTRY--TOPICAL TERM
Topical term or geographic name entry element Textile industry
Geographic subdivision India.

No items available.

Powered by Koha